Pays d'Amérique du Nord et du Sud par Drapeau et Première lettre - Statistiques

Statistiques générales
  • Ce quiz a été pris 431 fois
  • Le résultat moyen est 17 sur 35
Statistiques - réponses
Par images Réponse % Correct
États-Unis
62%
Argentine
60%
Brésil
60%
Jamaïque
60%
Mexique
60%
Cuba
57%
Canada
56%
Pérou
56%
Panama
54%
Chili
53%
Costa Rica
53%
Uruguay
52%
Haïti
51%
Belize
50%
Colombie
50%
Barbade
49%
République Dominicaine
49%
Venezuela
49%
Équateur
48%
Honduras
48%
Antigua-et-Barbuda
47%
Bahamas
47%
Bolivie
47%
Paraguay
47%
Sainte-Lucie
47%
Suriname
47%
Saint-Vincent-et-les-Grenadines
46%
Dominique
44%
Guyana
44%
Trinité-et-Tobago
44%
Grenade
43%
Nicaragua
43%
Guatemala
42%
Saint-Christophe- et-Niévès
40%
Salvador
39%
Aucun quiz correspondant
Distribution des résultats
% des personnes avec chaque résultat
Percentile par nombre de réponses
Votre historique - résultats
Vous n’avez pas pris ce quiz